000 00799nam a2200241 a 4500
001 64258
003 BD-RjUL
005 20211209081303.0
008 170212s1957 ii a b 000 0 eng d
035 _a(BD-RjUL)64388
040 _aBD-RjUL
_cBD-RjUL
_dBD-RjUL
_beng
041 _aeng
082 _223
_a954.542
_bBHH 1957
100 1 _aDharma, Bhanu.
_9190831
245 1 0 _aHistory and administration of the North-western Provinces :
_b(subsequently called the Agra Province) 1803-1858 /
_cDharma Bhanu Srivastava
250 _a1st ed.
260 _aAgra :
_bS. L. Agarwala,
_c1957
300 _aviii, 426 p. :
_bill. ;
_c22 cm.
504 _aBibliography: p. [409]-426.
651 0 _aIndia
_xHistory
_y19th century
_9190832
651 0 _aUttar Pradesh (India)
_x History.
_9190833
942 _2ddc
_cBK
999 _c64258
_d64258